Welcome to WEB OPAC of MRSPTU Central Library

A textbook of electrical technology-III (Record no. 7686)

MARC details
000 -LEADER
fixed length control field 00404nam a2200157Ia 4500
008 - FIXED-LENGTH DATA ELEMENTS--GENERAL INFORMATION
fixed length control field 230711s9999||||xx |||||||||||||| ||und||
041 ## - LANGUAGE CODE
Language code of text/sound track or separate title ENG
082 ## - DEWEY DECIMAL CLASSIFICATION NUMBER
Classification number 621.3
Item number TH-E
100 ## - MAIN ENTRY--PERSONAL NAME
Personal name Theraja,A.K
245 #2 - TITLE STATEMENT
Title A textbook of electrical technology-III
250 ## - EDITION STATEMENT
Edition statement 23rd Ed.
260 ## - PUBLICATION, DISTRIBUTION, ETC.
Date of publication, distribution, etc. 2016
Place of publication, distribution, etc. New Delhi
Name of publisher, distributor, etc. S.Chand & Company Ltd
650 ## - SUBJECT ADDED ENTRY--TOPICAL TERM
Topical term or geographic name entry element Electrical Engineering
700 ## - ADDED ENTRY--PERSONAL NAME
Personal name Theraja,B.L
942 ## - ADDED ENTRY ELEMENTS (KOHA)
Koha item type Book
Holdings
Withdrawn status Lost status Damaged status Not for loan Collection Home library Current library Date acquired Total checkouts Full call number Barcode Date last seen Price effective from Koha item type
          MRSPTU Central Library MRSPTU Central Library     621.3 TH-E PW573 08/17/2023 08/17/2023 Book
          MRSPTU Central Library MRSPTU Central Library     621.3 TH-E PW574 08/17/2023 08/17/2023 Book
          MRSPTU Central Library MRSPTU Central Library     621.3 TH-E PW575 08/17/2023 08/17/2023 Book
          MRSPTU Central Library MRSPTU Central Library     621.3 TH-E PW576 08/17/2023 08/17/2023 Book
          MRSPTU Central Library MRSPTU Central Library     621.3 TH-E PW577 08/17/2023 08/17/2023 Book

Website Designed and Developed by MRSPTU Central Library Team

E-mail Id: librarian@mrsptu.ac.in